Statistics for Loverboy Songs on the Billboard Hot 100 (USA)

Click here to take the quiz!

General Stats

  • This quiz has been taken 26 times
  • The average score is 6 of 13

Answer Stats

Peak Chart Position, YeasrAnswer% Correct
29, 1982Working For the Weekend
94%
9, 1985Lovin Every Minute of It
72%
11, 1983Hot Girls in Love
67%
55, 1981The Kid is Hot Tonite
56%
35, 1981Turn Me Loose
50%
26, 1982When Its Over
50%
12, 1986Heaven in Your Eyes
39%
38, 1987Notorious
39%
10, 1986This Could Be the Night
39%
65, 1985Dangerous
17%
58, 1983Queen of Broken Hearts
17%
84, 1989Too Hot
11%
68, 1986Lead a Double Life
0%

Score Distribution

Percentile by Number Answered

Percent of People with Each Score

Your Score History

You have not taken this quiz